| 000 | 00343nam a2200145Ia 4500 | ||
|---|---|---|---|
| 003 | LK-CoDNM | ||
| 008 | 010623t1910 xxu||||| |||| 00| 1 sin d | ||
| 040 |
_aLK-CoDNM _dLK-CoDNM _eLK-CoDNM |
||
| 041 | _asin | ||
| 080 | _a104 E.5 | ||
| 245 | _aSri Saddharmamritaya | ||
| 260 |
_bSri Lankodaya _aColombo _c1910 |
||
| 300 | _b, 25 cm | ||
| 942 | _cBK | ||
| 999 |
_c87277 _d87277 |
||